Geografía Económica (Registro nro. 6133)

Detalles MARC
000 -LEADER
fixed length control field 00891 a2200193 4500
001 - CONTROL NUMBER
control field 57141
005 - DATE AND TIME OF LATEST TRANSACTION
control field 20260407155834.0
008 - FIXED-LENGTH DATA ELEMENTS--GENERAL INFORMATION
fixed length control field 260407a1946 arg spa d
003 - CONTROL NUMBER IDENTIFIER
control field AR-UNSa-BCEJYS
040 ## - CATALOGING SOURCE
Original cataloging agency AR-UNSa-BCEJYS
Language of cataloging spa
Transcribing agency AR-UNSa-BCEJYS
080 ## - UNIVERSAL DECIMAL CLASSIFICATION NUMBER
Universal Decimal Classification number 911.3:33
Common auxiliary subdivision Geografía económica
100 1# - MAIN ENTRY--PERSONAL NAME
Personal name Schmidt, Walter
245 10 - TITLE STATEMENT
Title Geografía Económica
250 ## - EDITION STATEMENT
Edition statement 4a. ed.
264 #1 - PRODUCTION, PUBLICATION, DISTRIBUTION, MANUFACTURE, AND COPYRIGHT NOTICE
Place of production, publication, distribution, manufacture Barcelona :
Name of producer, publisher, distributor, manufacturer Labor
Date of production, publication, distribution, manufacture, or copyright notice 1946
505 ## - FORMATTED CONTENTS NOTE
Formatted contents note Primera parte. Manantiales de energía y productos minerales industriales: 1. Manantiales de energía y materias primas del reino mineral – 2. Primeras materias minerales – Segunda parte. Productos alimenticios e industriales de los reinos vegetal y animal: 1. Artículos alimenticios e industriales de los reinos vegetal y animal – 2. Artículos industriales de origen vegetal y animal
590 ## - LOCAL NOTE (RLIN)
Local note niveau_biblio:m niveau_hierar:0
942 ## - ADDED ENTRY ELEMENTS (KOHA)
Koha item type
Existencias
Withdrawn status Lost status Damaged status Not for loan Home library Current library Shelving location Date acquired Total checkouts Full call number Barcode Date last seen Price effective from Koha item type
        Biblioteca Prof. Eusebio Cleto del Rey Biblioteca Prof. Eusebio Cleto del Rey   07/04/2026   911.3:33 S348 L28964 07/04/2026 07/04/2026 Libro
        Biblioteca Prof. Eusebio Cleto del Rey Biblioteca Prof. Eusebio Cleto del Rey   07/04/2026   911.3:33 S348 L20391 07/04/2026 07/04/2026 Libro
        Biblioteca Prof. Eusebio Cleto del Rey Biblioteca Prof. Eusebio Cleto del Rey   07/04/2026   911.3:33 S348 L20390 07/04/2026 07/04/2026 Libro